000 00380pam a2200145a 44500
008 230405s xxu||||| |||| 00| 0 eng d
041 _aENG
100 _aPODDAR S / BHAGATE AJAY
245 _aANATOMY OF CENTRAL NERVOUS SYSTEM
250 _a8 2004
260 _aCALCUTTA
_bSCIENTIFIC BOOK AGENCYPUBLICATION CALCUTTA
_c
300 _a248
650 _aPHARMACOLOGY
906 _a1199
999 _c266638
_d266638